00477 a2200169 450000100060000002000060000604000240001210000290003624000360006524500310010130000070013236200090013965000310014894200070017995201040018699900170029048089 a  cAnchieta - Aquarius aGonçalves, Sofia Senna10aEu bem que podia ser poetalpor10aEu bem que podia ser poeta a610 a1998 4aLiteratura infanto-juvenil cBK 00104070a87.1b87.1d2023-11-21l0o028.5 GON EUBp7222/AQUr2023-11-21 15:15:00w2023-11-21yBK c48089d48089